000 02013cam a22003255a 4500
001 710741
003 EG-ScBUE
005 20220512103957.0
008 971001t1998 ilub f d 000 0 eng d
020 _a9780844258607
020 _a0844258601
040 _aEG-ScBUE
_beng
_erda
_cEG-ScBUE
_dEG-ScBUE
082 0 4 _a423
_bNTC
_222
245 0 0 _aNTC's American English learner's dictionary :
_bthe essential vocabulary of American language and culture /
_cEditor-in-chief Richard A. Spears
246 3 0 _aAmerican English learner's dictionary
264 1 _aIllinois :
_bNTC Publishing Group,
_c[1998]
264 4 _cc1998
300 _axiii, 1090 pages :
_bmaps ;
_c26 cm
336 _2rdacontent
_atext
_btxt
337 _2rdamedia
_aunmediated
_bn
338 _2rdacarrier
_avolume
_bnc
520 _a"This up-to-date reference for American English is an indispensable learning tool that will build and strengthen the developing vocabularies - and vocabulary-building skills - of learners at all levels. It is presented in a clear, uncomplicated format with a minimum of codes, abbreviations, and special symbols. Using this dictionary will improve your speaking, writing, and understanding of English: at least two example sentences are given with each definition, so you can see words used properly and effectively in real-life situations; to ensure comprehension, virtually every word used in the definitions is defined within the dictionary; common American idioms are defined and given sample sentences, so you will learn these important English expressions; the Idioms and Phrases Index makes these expressions easy to find in the body of the dictionary."--Jacket.
650 7 _aEnglish language
_zUnited States
_vDictionaries.
_2BUEsh
_917022
651 7 _2BUEsh
653 _bHHUUEENN
_cJuly2019
655 _vReading book
_934232
700 1 _aSpears, Richard A.
_eeditor.
_917023
856 4 2 _3Publisher description
_uhttp://www.loc.gov/catdir/description/mh024/97042248.html
942 _2ddc
_cREFERENCE
999 _c14595
_d14595